Loading...
| History - European | 0 | 4 | 0 | 1 | 40 | 49 | 94.25 | 0 | 1 | 8.90 | 16.00 |
| Philosophy | 0 | 3 | 0 | 0 | 30 | 100 | 115.33 | 0 | 1 | 1.77 | 12.00 |
| Fine Arts - Other | 0 | 3 | 0 | 0 | 30 | 72 | 88.33 | 1 | 3 | 11.04 | 24.00 |
| History - American | 0 | 2 | 0 | 0 | 20 | 72 | 76.50 | 0 | 1 | 8.26 | 8.00 |
| Religion | 0 | 2 | 0 | 0 | 20 | 56 | 62.00 | 2 | 2 | 9.74 | 20.00 |
| Fine Arts - Painting and Sculpture | 0 | 2 | 0 | 0 | 20 | 41 | 59.50 | 0 | 1 | 9.91 | 8.00 |
| Other Academic | 0 | 2 | 0 | 0 | 20 | 81 | 83.00 | 0 | 2 | 36.12 | 60.00 |
| Social Science | 0 | 1 | 0 | 0 | 10 | 108 | 108.00 | 0 | 0 | 1.00 | 2.00 |
| Geography | 0 | 1 | 0 | 0 | 10 | 90 | 90.00 | 1 | 1 | 15.65 | 50.00 |
| History - Other | 0 | 1 | 0 | 0 | 10 | 68 | 68.00 | 1 | 1 | 4.52 | 10.00 |
| Literature - British | 0 | 1 | 0 | 1 | 10 | 152 | 152.00 | 0 | 0 | 0.00 | 2.00 |
| Mythology | 0 | 1 | 0 | 0 | 10 | 130 | 130.00 | 0 | 0 | 0.08 | 2.00 |
| History - World | 0 | 1 | 1 | 0 | 5 | 38 | 38.00 | 1 | 1 | 6.81 | 10.00 |